000 00357nab a22001097u 4500
008 130520b1985 xxu||||| |||| 00| 0 spa d
041 _aspa
100 1 _aGrand'maison, Jacques
_939154
245 0 0 _aEl desafío de los jóvenes, nuevo paradigma profético
_cJacques Grand'Maison
773 0 _tConcilium
_gV.2,1985,págs.267-278
_x0210-1041
_wRev134
942 _cAR
999 _c355177
_d355177